[Event "London Chess Classic op 10th"]
[Site "London"]
[Date "2018.12.10"]
[Round "2"]
[White "Crouch, Timothy J"]
[Black "Englisch, Susanne"]
[Result "0-1"]
[WhiteElo "1504"]
[BlackElo "1301"]
[PlyCount "88"]
[EventDate "2018.12.09"]
[EventType "swiss"]
[EventRounds "5"]
[EventCountry "ENG"]
[SourceTitle "EXT 2021"]
[Source "ChessBase"]
[SourceDate "2020.10.23"]
[SourceVersion "1"]
[SourceVersionDate "2020.10.23"]
[SourceQuality "1"]

1. e4 d6 2. Bc4 Nf6 3. Nc3 g6 4. Nf3 Bg7 5. 0-0 0-0 6. Re1 c5 7. e5 dxe5 8. Rxe5 Nfd7 9. Re3 Nc6 10. Qe1 e5 11. Nd5 Nd4 12. c3 Nc2 13. Qd1 Nxa1 14. b3 a6 15. Bb2 b5 16. Bf1 Bb7 17. c4 Nxb3 18. axb3 Bxd5 19. cxd5 Re8 20. Qa1 f6 21. Qa2 Nb6 22. Rc3 Qxd5 23. Qa5 Qd6 24. Rd3 Qc6 25. Rc3 Nd5 26. Rc2 Rac8 27. d3 Qb6 28. Qd2 Nf4 29. Qe3 Bh6 30. Kh1 Kg7 31. g3 Nd5 32. Qe4 Qd6 33. Bc1 Bxc1 34. Rxc1 a5 35. Ra1 Nc3 36. Qe1 Qd5 37. Qxc3 Qxf3+ 38. Bg2 b4 39. Qc2 Qf5 40. Rxa5 c4 41. Ra7+ Kf8 42. Qd2 Qg5 43. Qxb4+ Kg8 44. Qb7 Qc1+ 0-1